20 World Capitals furthest away from San Salvador, Kampala and Manila - Statistics

General Stats
  • This quiz has been taken 391 times
  • The average score is 13 of 20
Answers on the Map
Answers color-coded by a green-red scale on the quiz's map according to % correct below.
 
Answer Stats
Closer D (km) Capital % Correct
K 6,879 Oslo
91%
K 6,864 Dublin
89%
K 6,434 London
89%
K 6,662 Stockholm
87%
K 6,669 Helsinki
85%
S 7,561 Reykjavík
84%
K 6,399 Copenhagen
81%
K 6,324 Amsterdam
76%
M 8,269 Wellington
75%
M 6,264 Canberra
73%
K 6,321 Riga
72%
K 6,592 Tallinn
71%
K 6,197 Brussels
68%
M 7,250 Suva
45%
S 6,405 Montevideo
44%
M 8,068 Apia
41%
M 8,122 Nukuʻalofa
37%
M 6,290 Port Vila
35%
M 6,903 Funafuti
33%
K 6,327 Praia
21%
No matching quizzes found
Score Distribution
Percent of People with Each Score
Percentile by Number Answered
Your Score History
You have not taken this quiz